<?xml version="1.0" encoding="UTF-8"?>
<record
    xmlns:xsi="http://www.w3.org/2001/XMLSchema-instance"
    xsi:schemaLocation="http://www.loc.gov/MARC21/slim http://www.loc.gov/standards/marcxml/schema/MARC21slim.xsd"
    xmlns="http://www.loc.gov/MARC21/slim">

  <leader>00876nam a22001577a 4500</leader>
  <controlfield tag="005">20240911125249.0</controlfield>
  <datafield tag="010" ind1=" " ind2=" ">
    <subfield code="a">HIN-128398</subfield>
  </datafield>
  <datafield tag="020" ind1=" " ind2=" ">
    <subfield code="c">180.00</subfield>
    <subfield code="a">9789390607464</subfield>
  </datafield>
  <datafield tag="035" ind1=" " ind2=" ">
    <subfield code="a">HN-100744</subfield>
  </datafield>
  <datafield tag="100" ind1=" " ind2=" ">
    <subfield code="a">&#x938;&#x930;&#x936;&#x94D;&#x930;&#x940; &#x924;&#x947;&#x91C;&#x92A;&#x93E;&#x930;&#x916;&#x940; </subfield>
    <subfield code="9">71479</subfield>
  </datafield>
  <datafield tag="245" ind1=" " ind2=" ">
    <subfield code="a">&#x932;&#x947;&#x91F; &#x917;&#x94B; &#x924;&#x928;&#x93E;&#x935; :</subfield>
    <subfield code="b">NoTime for Tension &#x924;&#x928;&#x93E;&#x935; &#x915;&#x940; &#x928;&#x93E;&#x935; &#x91B;&#x94B;&#x921;&#x93C;&#x947;&#x902; ,&#x938;&#x92E;&#x91D; &#x915;&#x940; &#x936;&#x93F;&#x92A; &#x91C;&#x94B;&#x921;&#x947;&#x902; /</subfield>
    <subfield code="c">&#x938;&#x930;&#x936;&#x94D;&#x930;&#x940; &#x924;&#x947;&#x91C;&#x92A;&#x93E;&#x930;&#x916;&#x940; </subfield>
  </datafield>
  <datafield tag="260" ind1=" " ind2=" ">
    <subfield code="a">&#x92A;&#x941;&#x923;&#x947;  </subfield>
    <subfield code="b">&#x935;&#x949;&#x935; &#x92A;&#x92C;&#x94D;&#x932;&#x93F;&#x936;&#x93F;&#x917;&#x94D;&#x91C;&#x93C; &#x92A;&#x94D;&#x930;&#x93E; .&#x932;&#x93F; .</subfield>
    <subfield code="c">2022</subfield>
  </datafield>
  <datafield tag="270" ind1=" " ind2=" ">
    <subfield code="a">252-&#x932;&#x915;&#x94D;&#x937;&#x94D;&#x92E;&#x940; &#x930;&#x94B;&#x921; ,&#x928;&#x93F;&#x92F;&#x930; &#x935;&#x93F;&#x91C;&#x92F; &#x938;&#x93F;&#x928;&#x947;&#x92E;&#x93E; ,&#x928;&#x930;&#x93E;&#x92F;&#x923; &#x92A;&#x940;&#x920; </subfield>
    <subfield code="b">&#x92A;&#x941;&#x923;&#x947; </subfield>
    <subfield code="e">411080</subfield>
    <subfield code="k">9011013210</subfield>
  </datafield>
  <datafield tag="300" ind1=" " ind2=" ">
    <subfield code="a">180  &#x92A;&#x943;&#x937;&#x94D;&#x920;</subfield>
    <subfield code="c">22  &#x938;&#x947; &#x92E;&#x940; (&#x905;&#x91C;&#x93F;&#x932;&#x94D;&#x926; )</subfield>
  </datafield>
  <datafield tag="942" ind1=" " ind2=" ">
    <subfield code="2">ddc</subfield>
    <subfield code="c">HN</subfield>
    <subfield code="e">1 </subfield>
    <subfield code="h">158.1 </subfield>
    <subfield code="k">&#x938;&#x930;&#x936;&#x94D;&#x930;&#x940; </subfield>
  </datafield>
  <datafield tag="999" ind1=" " ind2=" ">
    <subfield code="c">205775</subfield>
    <subfield code="d">205775</subfield>
  </datafield>
  <datafield tag="952" ind1=" " ind2=" ">
    <subfield code="0">0</subfield>
    <subfield code="1">0</subfield>
    <subfield code="4">0</subfield>
    <subfield code="7">0</subfield>
    <subfield code="8">NFIC</subfield>
    <subfield code="a">BN</subfield>
    <subfield code="b">BN</subfield>
    <subfield code="d">2024-09-11</subfield>
    <subfield code="e">DBAD</subfield>
    <subfield code="g">180.00</subfield>
    <subfield code="l">0</subfield>
    <subfield code="o">158.1 &#x938;&#x930;&#x936;&#x94D;&#x930;&#x940; </subfield>
    <subfield code="p">HN-100744</subfield>
    <subfield code="r">2024-09-11 00:00:00</subfield>
    <subfield code="t">1</subfield>
    <subfield code="v">180.00</subfield>
    <subfield code="w">2024-09-11</subfield>
    <subfield code="y">HN</subfield>
  </datafield>
</record>
